La Crisis centroamericana en los años 1980 /

Guardat en:
Dades bibliogràfiques
Autor principal: Castillo Morales, Carlos Manuel
Format: Text
Matèries:
Etiquetes: Afegir etiqueta
Sense etiquetes, Sigues el primer a etiquetar aquest registre!

MARC

LEADER 00000 a a2200000 04500
001 3072
003
040
100 |a Castillo Morales, Carlos Manuel  
245 |a La Crisis centroamericana en los años 1980 /  |c Carlos Manuel Castillo Morales 
650 |a RECESION ECONOMICA  
773 |g volumen 4, número 1; páginas 95-100  
999 |c 34493  |d 34493